00994cam a2200241u 450000100100000000500170001000800410002701000130006804000240008105000180010510000590012324000600018224500410024226000500028330000390033360000390037270000580041170000660046983000550053591000340059095201110062499900170073500001063920200929162249.0840920s1945 ag cf 000 0bspa  a47027952 aDO-SdBNPcCarPdDLC00aNB553.R7bF781 aFrisch, Victor,d1876?-1939. [from old catalog]92574200aAuguste Rodin, a biography. Spanish. [from old catalog]03aLa vida y el arte de Auguste Rodin,. aBuenos Aires, :bEditorial Poseidon,c[1945]. a526 p. :bplates, ports. ;c24 cm.10aRodin, Auguste,d1840-1917.9257431 aShipley, Joseph Twadell,d1893-ejoint author.9257441 aJordana, Cesar Augusto,d1893- [from old catalog]etr.925745 0aColeccion Vidas y obras. [from old catalog]925746 aCatalogación por copia / LC 001052728MOaGRbGRcBDd2009-10-08iLF1l0o p10639-10r2020-06-25w2020-06-25y2ZPréstamo interno c10397d10397